Communication for development : a practical handbook / John Tuckey. (Record no. 22138)

000 -LEADER
fixed length control field 01337nam a22001577a 4500
020 ## - INTERNATIONAL STANDARD BOOK NUMBER
ISBN 9780755637911
082 ## - DEWEY DECIMAL CLASSIFICATION NUMBER
Classification number 338.90091724
Item number T939 2022
100 ## - MAIN ENTRY--AUTHOR NAME
Personal name Tuckey, John, author.
245 ## - TITLE STATEMENT
Title Communication for development : a practical handbook / John Tuckey.
260 ## - PUBLICATION, DISTRIBUTION, ETC. (IMPRINT)
Place of publication London ; New York :
Name of publisher Bloomsbury Academic,
Year of publication 2022.
300 ## - PHYSICAL DESCRIPTION
Number of Pages 1 electronic resource, x, 462 pages :
Other physical details illustrations (some color).
500 ## - GENERAL NOTE
General note Includes bibliographical references and index.
520 ## - SUMMARY, ETC.
Summary, etc Broadcasting is now an important part of the international aid effort, and as such communication for development has ambitious aims: to save lives, improve livelihoods and end corruption. In order to achieve this, specialist innovative production techniques and formats are required. This book provides a practical and thorough guide to the production of effective broadcasting for development. It covers four key areas of communication: humanitarian broadcasting in emergencies; distance learning; empowerment, good governance and human rights; broadcasting for behaviour and social change. Tuckey takes us through each stage from project design, to selecting and training a production team and developing formats, with key emphasis on the inclusion of local communities.
650 ## - SUBJECT ADDED ENTRY--TOPICAL TERM
Topical Term Communication in economic development -- Handbook
942 ## - ADDED ENTRY ELEMENTS (KOHA)
Koha item type Electronic Books
Holdings
Source of acquisition Permanent Location Date acquired Collection code Koha item type Lost status Shelving location Withdrawn status Current Location Full call number
DonationCagayan State University - Carig Library2026-04-15E-BooksElectronic Books E-Resource Section Cagayan State University - Carig Library338.90091724 T939 2022

Cagayan State University University Library, Carig Campus
Tuguegarao City, Cagayan 3500 | www.csucarig.edu.ph

Powered by Koha